Top 50 most popular Bosnian female names - Statistics

General Stats
  • This quiz has been taken 44 times
  • The average score is 9 of 50
Answer Stats
Answer % Correct
15 Emina
74%
1 Amina
66%
2 Lejla
51%
4 Azra
46%
5 Selma
43%
3 Amra
34%
27 Nejra
34%
12 Aida
31%
6 Lamija
31%
9 Alma
29%
11 Merima
29%
48 Sanela
29%
44 Sejla
29%
38 Amela
26%
17 Edina
26%
40 Ivana
26%
24 Naida
26%
10 Belma
23%
29 Nejla
23%
8 Maida
20%
16 Samira
20%
47 Samira
20%
14 Sabina
17%
50 Zerina
17%
19 Džejla
14%
49 Sumeja
14%
13 Senada
11%
22 Mirha
9%
32 Nina
9%
39 Petra
9%
7 Sanja
9%
18 Džana
6%
25 Nadja
6%
43 Sandra
6%
21 Mirzeta
3%
33 Nives
3%
34 Nudžejma
3%
41 Renata
3%
42 Sabiha
3%
20 Mirna
0%
23 Nadira
0%
28 Nela
0%
26 Nermana
0%
30 Nikolina
0%
31 Nikša
0%
35 Nurka
0%
36 Ornela
0%
37 Ozana
0%
45 Seldžana
0%
46 Sema
0%
No matching quizzes found
Score Distribution
Percent of People with Each Score
Percentile by Number Answered
Your Score History
You have not taken this quiz